The Broccoli tapes / (Record no. 1174)

MARC details
000 -LEADER
fixed length control field 01006cam a2200277 a 4500
005 - DATE AND TIME OF LATEST TRANSACTION
control field 20230821150028.0
020 ## - INTERNATIONAL STANDARD BOOK NUMBER
International Standard Book Number 0399217126 :
040 ## - CATALOGING SOURCE
Original cataloging agency DLC
Transcribing agency DLC
Modifying agency DLC
Language of cataloging eng
050 00 - LIBRARY OF CONGRESS CALL NUMBER
Classification number PZ7.S6318
Item number Br 1988
082 00 - DEWEY DECIMAL CLASSIFICATION NUMBER
Classification number [Fic]
Edition number 19
100 1# - MAIN ENTRY--PERSONAL NAME
Personal name Slepian, Jan
245 14 - TITLE STATEMENT
Title The Broccoli tapes /
Statement of responsibility, etc. Jan Slepian.
260 ## - PUBLICATION, DISTRIBUTION, ETC.
Place of publication, distribution, etc. New York :
Name of publisher, distributor, etc. Philomel Books,
Date of publication, distribution, etc. 1988.
300 ## - PHYSICAL DESCRIPTION
Extent 157 pages ;
Dimensions 20 cm
Other physical details Illustrations ;
505 ## - FORMATTED CONTENTS NOTE
Formatted contents note O <br/>
520 ## - SUMMARY, ETC.
Summary, etc. During a stay of several months in Hawaii with her family, Sara reports her experiences by tape back to her sixthgrade class in Boston, detailing her "adoption" of a wild cat, a friendship with a troubled Hawaiian boy, and the death of a beloved grandmother.
521 ## - TARGET AUDIENCE NOTE
Target audience note 630 <br/>
Source Lexile <br/>
521 ## - TARGET AUDIENCE NOTE
Target audience note O <br/>
Source Raz-plus <br/>
650 #1 - SUBJECT ADDED ENTRY--TOPICAL TERM
Topical term or geographic name entry element Cats
General subdivision Fiction.
650 #1 - SUBJECT ADDED ENTRY--TOPICAL TERM
Topical term or geographic name entry element Death
General subdivision Fiction.
650 #1 - SUBJECT ADDED ENTRY--TOPICAL TERM
Topical term or geographic name entry element Siblings
General subdivision Fiction.
906 ## - LOCAL DATA ELEMENT F, LDF (RLIN)
a 7
b cbc
c orignew
d 1
e ocip
f 19
g y-gencatlg
942 ## - ADDED ENTRY ELEMENTS (KOHA)
Source of classification or shelving scheme Dewey Decimal Classification
Koha item type Books
Suppress in OPAC No
999 ## -
-- 1174
-- 1174
Holdings
Withdrawn status Lost status Source of classification or shelving scheme Damaged status Not for loan Collection Home library Current library Shelving location Date acquired Total Checkouts Full call number Barcode Date last seen Date last checked out Price effective from Koha item type
    Dewey Decimal Classification     Fiction Footprints International School Library Network Toul Kork Campus Footprints International School Library Network Toul Kork Campus   08/07/2023 1 SLE Fic PZ7.S6318 FISSE00165 02/28/2024 02/05/2024 08/07/2023 Books